| 000 | 00929nam a2200253 a 4500 | ||
|---|---|---|---|
| 001 | BRCA_1541 | ||
| 005 | 20190320203451.0 | ||
| 008 | 930125s1992 mx-a---##b---#001-0#spa-d | ||
| 020 | _a9686258256 | ||
| 040 |
_aNmU _cDLC _dDLC |
||
| 050 | 4 |
_aND259.V4 _b.T73 1992 |
|
| 100 | 1 |
_aTrabulse, Elías _9546 |
|
| 245 | 1 | 0 |
_aJosé María Velasco _bun paisaje de la ciencia en México _cElías Trabulse. |
| 260 |
_aToluca, México _bInstituto Mexiquense de Cultura _c1992 |
||
| 300 |
_a332 p. _bil. (algunas a color) _c34 cm. |
||
| 500 | _aIncluye índice onomástico | ||
| 504 | _aBibliografía: p. 329-332 | ||
| 600 | 1 | 4 |
_aVelasco, José María _d1840-1912 _xCrítica e interpretación _94965 |
| 650 | 1 | 4 |
_aIconografía científica _ySiglo XIX _zMéxico _94966 |
| 650 | 1 | 4 |
_aCiencia _ySiglo XIX _zMéxico _94967 |
| 650 | 1 | 4 |
_aSociedad mexicana de historia natural _94968 |
| 700 | 1 |
_aVelasco, José María _d1840-1912 _94969 |
|
| 942 |
_2lcc _cB |
||
| 999 |
_c1386 _d1386 |
||